North Africa's Arab Spring / (Record no. 21816)
[ view plain ]
| 000 -LEADER | |
|---|---|
| fixed length control field | 02272cam a22003255a 4500 |
| 005 - DATE AND TIME OF LATEST TRANSACTION | |
| control field | 20160801144415.0 |
| 008 - FIXED-LENGTH DATA ELEMENTS--GENERAL INFORMATION | |
| fixed length control field | 160526s2013 enka frb 001 0 eng d |
| 020 ## - INTERNATIONAL STANDARD BOOK NUMBER | |
| International Standard Book Number | 0415629837 |
| 020 ## - INTERNATIONAL STANDARD BOOK NUMBER | |
| International Standard Book Number | 9780415629836 |
| 040 ## - CATALOGING SOURCE | |
| Original cataloging agency | EG-ScBUE |
| Language of cataloging | eng |
| Modifying agency | EG-ScBUE |
| 043 ## - GEOGRAPHIC AREA CODE | |
| Geographic area code | fn----- |
| 082 04 - DEWEY DECIMAL CLASSIFICATION NUMBER | |
| Edition number | 22 |
| Classification number | 320.961 |
| Item number | NOR |
| 245 00 - TITLE STATEMENT | |
| Title | North Africa's Arab Spring / |
| Statement of responsibility, etc | edited by George Joffé. |
| 260 ## - PUBLICATION, DISTRIBUTION, ETC. (IMPRINT) | |
| Place of publication, distribution, etc | Oxford ; |
| -- | New York : |
| Name of publisher, distributor, etc | Routledge / Taylor & Francis Group, |
| Date of publication, distribution, etc | 2013. |
| 300 ## - PHYSICAL DESCRIPTION | |
| Extent | viii, 219 p. : |
| Other physical details | ill. ; |
| Dimensions | 24 cm. |
| 500 ## - GENERAL NOTE | |
| General note | Index : p. 213-219. |
| 504 ## - BIBLIOGRAPHY, ETC. NOTE | |
| Bibliography, etc | Includes bibliographical references. |
| 505 ## - FORMATTED CONTENTS NOTE | |
| Formatted contents note | Introduction / George Joffé -- The Arab Spring in North Africa : origins and prospects / George Joffé -- Brothers-in-arms? The Egyptian military, the Ikhwan and the revolutions of 1952 and 2011 / Anne Alexander -- Party proliferation and electoral transition in post-Mubarak Egypt / Daniel L. Tavana --<br/>From spectacle to spectacular : how physical space, social media and mainstream broadcast amplified the public sphere in Egypt's 'revolution' / Mohamed Nanabhay and Roxane Farmanfarmaian -- Libya's revolution / Alia Brahimi -- A revolution for dignity and freedom : preliminary observations on the social and cultural background to the Tunisian revolution / Mehdi Mabrouk -- Challenges to legitimate governance in post-revolution Tunisia / Duncan Pickard -- Algeria : democracy denied, and revived? / John P. Entelis -- Constitutional reforms in Morocco : between consensus and subaltern politics / Driss Maghraoui -- North Africa's Arab Spring revisited / George Joffé. |
| 650 #7 - SUBJECT ADDED ENTRY--TOPICAL TERM | |
| Source of heading or term | BUEsh |
| 9 (RLIN) | 38992 |
| Topical term or geographic name as entry element | Arab Spring, 2010- |
| 650 #7 - SUBJECT ADDED ENTRY--TOPICAL TERM | |
| 9 (RLIN) | 40595 |
| Topical term or geographic name as entry element | Protest movements |
| Geographic subdivision | Africa, North |
| General subdivision | History |
| Chronological subdivision | 21st century. |
| Source of heading or term | BUEsh |
| 650 #7 - SUBJECT ADDED ENTRY--TOPICAL TERM | |
| 9 (RLIN) | 28748 |
| Topical term or geographic name as entry element | Protest movements |
| Geographic subdivision | Arab countries |
| General subdivision | History |
| Chronological subdivision | 21st century. |
| Source of heading or term | BUEsh |
| 650 #7 - SUBJECT ADDED ENTRY--TOPICAL TERM | |
| 9 (RLIN) | 40594 |
| Topical term or geographic name as entry element | Revolutions |
| Geographic subdivision | Africa, North |
| General subdivision | History |
| Chronological subdivision | 21st century . |
| Source of heading or term | BUEsh |
| 651 #7 - SUBJECT ADDED ENTRY--GEOGRAPHIC NAME | |
| Geographic name | Africa, North |
| General subdivision | Politics and government |
| Chronological subdivision | 21st century. |
| Source of heading or term | BUEsh |
| 9 (RLIN) | 40593 |
| 651 #7 - SUBJECT ADDED ENTRY--GEOGRAPHIC NAME | |
| Geographic name | Africa, North |
| General subdivision | History |
| Chronological subdivision | 21st century. |
| 9 (RLIN) | 40596 |
| Source of heading or term | BUEsh |
| 651 #7 - SUBJECT ADDED ENTRY--GEOGRAPHIC NAME | |
| Geographic name | Arab countries |
| General subdivision | Politics and government |
| Chronological subdivision | 21st century. |
| Source of heading or term | BUEsh |
| 9 (RLIN) | 28746 |
| 653 ## - INDEX TERM--UNCONTROLLED | |
| Resource For college | BAEPS, Political Science |
| Arrived date list | May2016 |
| 653 ## - INDEX TERM--UNCONTROLLED | |
| Resource For college | Law |
| Arrived date list | August 2016 |
| 700 1# - ADDED ENTRY--PERSONAL NAME | |
| Personal name | Joffe, E. G. H. |
| Relator term | editor. |
| 9 (RLIN) | 32339 |
| 942 ## - ADDED ENTRY ELEMENTS (KOHA) | |
| Source of classification or shelving scheme | Dewey Decimal Classification |
| Edition | 22 |
| Call number prefix | 320.961 NOR |
| Withdrawn status | Item status | Source of classification or shelving scheme | Damaged status | Not for loan | Vendor | Home library | Current library | Shelving location | Date acquired | Source of acquisition | Cost, normal purchase price | Serial Enumeration / chronology | Total Checkouts | Total Renewals | Full call number | Barcode | Date last seen | Date last borrowed | Cost, replacement price | Koha item type |
|---|---|---|---|---|---|---|---|---|---|---|---|---|---|---|---|---|---|---|---|---|
| Dewey Decimal Classification | Alahram | Central Library | Central Library | First floor | 26/05/2016 | Purchase | 336.00 | 4 | 2 | 21 | 320.961 NOR | 000032596 | 15/07/2025 | 30/09/2019 | 420.00 | Book - Borrowing | ||||
| Dewey Decimal Classification | Baccah | Central Library | Central Library | First floor | 01/08/2016 | Purchase | 576.00 | 26102 | 1 | 7 | 320.961 NOR | 000033041 | 15/07/2025 | 15/10/2016 | 720.00 | Book - Borrowing | ||||
| Dewey Decimal Classification | Alahram | Central Library | Central Library | First floor | 15/11/2016 | Purchase | 336.00 | 111 | 320.961 NOR | 000045070 | 15/07/2025 | 420.00 | Book - Borrowing |